000 00855nam a2200205Ii 4500
003 JO-AjNU
008 230605s9999||||xx |||||||||||||| ||und||
040 _aJO-AjNU
_bara
_erda
_cJO-AjNU
041 _aara
050 1 4 _aHD57.7.N35 2018
100 3 _aنجم، عبود نجم,
_eauthor
_958021
245 0 0 _aالقيادة الإدارية في القرن الواحد والعشرين = Managerial Leadership in the 21 Century
250 _aط1
264 3 1 _aعمان: دار صفاء للطباعة والنشر والتوزيع، 2018
300 _a488ص
336 _atext
_btxt
_2rdacontent
337 _aunmediated
_bn
_2rdamedia
338 _avolume
_bnc
_2rdacarrier
650 4 _aالقيادة الإدارية - النجاح الإداري - الرؤساء والمديرين - إدارة الأفراد - إدارة الأعمال
_958022
999 _aA26034
_c29602
_d29602